|
|
|
|
| LEADER |
01433nam a2200385Ia 4500 |
| 001 |
EBC170972 |
| 003 |
MiAaPQ |
| 005 |
20200520144314.0 |
| 006 |
m o d | |
| 007 |
cr cn||||||||| |
| 008 |
010718s2002 enk sb 001 0 eng d |
| 010 |
|
|
|z 2001048109
|
| 020 |
|
|
|z 0415255864
|
| 035 |
|
|
|a (MiAaPQ)EBC170972
|
| 035 |
|
|
|a (Au-PeEL)EBL170972
|
| 035 |
|
|
|a (CaPaEBR)ebr5004301
|
| 035 |
|
|
|a (CaONFJC)MIL40182
|
| 035 |
|
|
|a (OCoLC)264524523
|
| 040 |
|
|
|a MiAaPQ
|c MiAaPQ
|d MiAaPQ
|
| 050 |
|
4 |
|a HD6181.85
|b .W653 2002
|
| 082 |
0 |
4 |
|a 331.4/095
|2 21
|
| 245 |
0 |
0 |
|a Women and work in globalising Asia
|h [electronic resource] /
|c edited by Dong-Sook S. Gills and Nicola Piper.
|
| 260 |
|
|
|a London ;
|a New York :
|b Routledge,
|c 2002.
|
| 300 |
|
|
|a xvii, 238 p.
|
| 490 |
1 |
|
|a Routledge studies in the growth economies of Asia ;
|v 36
|
| 504 |
|
|
|a Includes bibliographical references and index.
|
| 533 |
|
|
|a Electronic reproduction. Ann Arbor, MI : ProQuest, 2015. Available via World Wide Web. Access may be limited to ProQuest affiliated libraries.
|
| 546 |
|
|
|a English.
|
| 650 |
|
0 |
|a Women
|x Employment
|z Asia.
|
| 655 |
|
4 |
|a Electronic books.
|
| 700 |
1 |
|
|a Gills, Dong-Sook Shin,
|d 1955-
|
| 700 |
1 |
|
|a Piper, Nicola.
|
| 710 |
2 |
|
|a ProQuest (Firm)
|
| 830 |
|
0 |
|a Routledge studies in the growth economies of Asia ;
|v 36.
|
| 856 |
4 |
0 |
|u https://ebookcentral.proquest.com/lib/matrademy/detail.action?docID=170972
|z Click to View
|